000 00217nam a22000857a 4500
008 161128b xxu||||| |||| 00| 0 eng d
100 _91510
_aBhushan.B.
245 _aLab Manual Chemistry-XI
260 _aNew Delhi
_bA.P.
_c2011
999 _c4239
_d4239